Fuel cells : (Record no. 355476)
[ view plain ]
| 000 -LEADER | |
|---|---|
| fixed length control field | 01721cam a2200325 a 4500 |
| 001 - CONTROL NUMBER | |
| control field | 17125821 |
| 003 - CONTROL NUMBER IDENTIFIER | |
| control field | Nust- CAS-E |
| 005 - DATE AND TIME OF LATEST TRANSACTION | |
| control field | 20180118181403.0 |
| 008 - FIXED-LENGTH DATA ELEMENTS--GENERAL INFORMATION | |
| fixed length control field | 120118s2012 nju b 001 0 eng |
| 010 ## - LIBRARY OF CONGRESS CONTROL NUMBER | |
| LC control number | 2011051083 |
| 020 ## - INTERNATIONAL STANDARD BOOK NUMBER | |
| International Standard Book Number | 9781118087565 |
| 040 ## - CATALOGING SOURCE | |
| Original cataloging agency | DLC |
| Transcribing agency | DLC |
| 042 ## - AUTHENTICATION CODE | |
| Authentication code | pcc |
| 050 00 - LIBRARY OF CONGRESS CALL NUMBER | |
| Classification number | TK2931 |
| Item number | .B35 2012 |
| 082 00 - DEWEY DECIMAL CLASSIFICATION NUMBER | |
| Classification number | 621.31/2429 |
| Edition number | 23 |
| Author Mark | BAG 2012 |
| 084 ## - OTHER CLASSIFICATION NUMBER | |
| Classification number | TEC031000 |
| Number source | bisacsh |
| 100 1# - MAIN ENTRY--PERSONAL NAME | |
| Personal name | Bagot︠s︡kiĭ, V. S. |
| Fuller form of name | (Vladimir Sergeevich) |
| 245 10 - TITLE STATEMENT | |
| Title | Fuel cells : |
| Remainder of title | problems and solutions / |
| Statement of responsibility, etc. | Vladimir S. Bagotsky. |
| 250 ## - EDITION STATEMENT | |
| Edition statement | 2nd ed. |
| 260 ## - PUBLICATION, DISTRIBUTION, ETC. | |
| Place of publication, distribution, etc. | Hoboken, N.J. : |
| Name of publisher, distributor, etc. | Wiley, |
| Date of publication, distribution, etc. | 2012. |
| 300 ## - PHYSICAL DESCRIPTION | |
| Extent | xviii, 385 p. : |
| Other physical details | ill. ; $c 24 cm. |
| 500 ## - GENERAL NOTE | |
| General note | Includes bibliographical references and index. |
| 520 ## - SUMMARY, ETC. | |
| Summary, etc. | "This book extracts the most important information on fuel cells, analyzes it, and assesses its scientific value and technical importance. It provides a full yet concise description of all the important aspects of fuel cells from major types to their historical development to inherent scientific and engineering problems and their commercialization and applications. This edition adds two new chapters, one on structural and wetting properties of porous fuel cell components and the other on fuel cells with mixed reactant supply, and updates all chapters with current knowledge for each topic"-- |
| 650 #0 - SUBJECT ADDED ENTRY--TOPICAL TERM | |
| Topical term or geographic name entry element | Fuel cells. |
| 650 #7 - SUBJECT ADDED ENTRY--TOPICAL TERM | |
| Topical term or geographic name entry element | TECHNOLOGY & ENGINEERING / Power Resources / General |
| Source of heading or term | bisacsh. |
| 856 42 - ELECTRONIC LOCATION AND ACCESS | |
| Materials specified | Cover image |
| Uniform Resource Identifier | <a href="http://catalogimages.wiley.com/images/db/jimages/9781118087565.jpg">http://catalogimages.wiley.com/images/db/jimages/9781118087565.jpg</a> |
| 906 ## - LOCAL DATA ELEMENT F, LDF (RLIN) | |
| a | 7 |
| b | cbc |
| c | orignew |
| d | 1 |
| e | ecip |
| f | 20 |
| g | y-gencatlg |
| 942 ## - ADDED ENTRY ELEMENTS (KOHA) | |
| Source of classification or shelving scheme | |
| Koha item type | Book |
| Withdrawn status | Lost status | Source of classification or shelving scheme | Damaged status | Not for loan | Collection code | Permanent Location | Current Location | Shelving location | Date acquired | Source of acquisition | Total Checkouts | Full call number | Barcode | Date last seen | Cost, replacement price | Price effective from | Koha item type |
|---|---|---|---|---|---|---|---|---|---|---|---|---|---|---|---|---|---|
| US-Pakistan Center for Advanced Studies in Energy (USPCAS-E) | US-Pakistan Center for Advanced Studies in Energy (USPCAS-E) | General Stacks | 04/16/2013 | Victoria co | 621.31/2429 BAG 2012 | CAS-E0000192 | 08/28/2014 | 11249.00 | 08/28/2014 | Book |
